Identifie le chanteur représenté en photographie - Statistiques

Statistiques générales
  • Ce quiz a été pris 47 fois
  • Le résultat moyen est 12 sur 24
Statistiques - réponses
Par images Réponse % Correct
Claude François
98%
Michel Polnareff
88%
Daniel Balavoine
83%
Laurent Voulzy
76%
Jacques Brel
71%
Michel Sardou
71%
Michel Berger
67%
Pierre Perret
60%
Jacques Dutronc
57%
Jean Ferrat
55%
Daniel Guichard
48%
Michel Fugain
48%
Pierre Bachelet
48%
Jacques Higelin
43%
Claude Nougaro
40%
Guy Marchand
40%
Philippe Lavil
40%
Gérard Lenorman
38%
Guy Beart
33%
Gérard Blanc
31%
Robert Charlebois
26%
Jean Schultheis
21%
Gérard Rinaldi
19%
Pierre Vassiliu
14%
Aucun quiz correspondant
Distribution des résultats
% des personnes avec chaque résultat
Percentile par nombre de réponses
Votre historique - résultats
Vous n’avez pas pris ce quiz